[Event "Zalakaros op 37th"]
[Site "Zalakaros"]
[Date "2018.05.26"]
[Round "2"]
[White "Vinkovics, Sandor"]
[Black "Peczely, Sebastian Zsombor"]
[Result "0-1"]
[WhiteElo "2054"]
[BlackElo "2244"]
[PlyCount "124"]
[EventDate "2018.05.25"]
[EventType "swiss"]
[EventRounds "9"]
[EventCountry "HUN"]
[SourceTitle "EXT 2019"]
[Source "ChessBase"]
[SourceDate "2018.10.10"]
[SourceVersion "1"]
[SourceVersionDate "2018.10.10"]
[SourceQuality "1"]

1. d4 d5 2. Nf3 Nf6 3. Bg5 c6 4. e3 h6 5. Bxf6 exf6 6. c3 Bd6 7. Qc2 0-0 8. Nbd2 b6 9. Be2 c5 10. 0-0 Nc6 11. Rfe1 f5 12. Bb5 Ne7 13. Bf1 Ng6 14. g3 Qf6 15. Bg2 Bb7 16. dxc5 bxc5 17. Red1 Rfd8 18. c4 d4 19. exd4 cxd4 20. Qa4 f4 21. b4 fxg3 22. hxg3 a6 23. Qb3 Rab8 24. a3 h5 25. Qd3 h4 26. Nf1 hxg3 27. fxg3 Bxf3 28. Qxf3 Qg5 29. Ra2 a5 30. c5 Bc7 31. Qb3 a4 32. Qc2 Ne5 33. Qe4 d3 34. Rad2 Re8 35. Qh4 Qxh4 36. gxh4 Nc4 37. Rf2 Red8 38. Ra2 Bf4 39. Bc6 d2 40. Bxa4 Rd3 41. Kf2 Rxa3 42. Rxa3 Nxa3 43. b5 Ra8 44. b6 Rxa4 45. Nxd2 Rb4 46. Kf3 Be5 47. Ne4 Kf8 48. Nd6 Nc4 49. Nxc4 Rxc4 50. Rd5 Bh2 51. b7 Ke7 52. Ke3 Ke6 53. Rd8 Rxc5 54. b8Q Bxb8 55. Rxb8 Kf5 56. Rb4 Rc7 57. Kf2 Kg6 58. Kg2 Kh6 59. Rb5 g6 60. Ra5 f5 61. Ra4 Kh5 62. Rb4 Rc3 0-1

[Event "HUN-chT2 Szechenyi 1516"]
[Site "Hungary"]
[Date "2015.10.18"]
[Round "3.4"]
[White "Ongai, Erik"]
[Black "Vinkovics, Sandor"]
[Result "1-0"]
[WhiteElo "2049"]
[BlackElo "2042"]
[PlyCount "57"]
[EventDate "2015.09.13"]
[EventType "team-tourn"]
[EventRounds "11"]
[EventCountry "HUN"]
[SourceTitle "CBM 170 Extra"]
[Source "ChessBase"]
[SourceDate "2016.02.25"]
[SourceVersion "1"]
[SourceVersionDate "2016.02.25"]
[SourceQuality "1"]
[WhiteTeam "Sarvar"]
[BlackTeam "Lovo"]
[WhiteTeamCountry "HUN"]
[BlackTeamCountry "HUN"]

1. e4 d6 2. d4 Nf6 3. Nc3 Nbd7 4. Bg5 c6 5. Qd2 b5 6. f3 Qa5 7. h4 e5 8. Nge2 a6 9. g4 c5 10. dxc5 Nxc5 11. Bxf6 gxf6 12. Nd5 Qd8 13. Ng3 Be6 14. Nh5 Bxd5 15. Qxd5 Rc8 16. Rh2 Ne6 17. 0-0-0 Rc5 18. Qb7 d5 19. Qxa6 Bh6+ 20. g5 fxg5 21. Bxb5+ Ke7 22. exd5 g4+ 23. Kb1 g3 24. Rhh1 g2 25. Rhg1 Rxd5 26. Qb7+ Nc7 27. Rxd5 Qxd5 28. Qxc7+ Kf8 29. Qc6 1-0

[Event "HUN-chT2 Szechenyi 1415"]
[Site "Hungary"]
[Date "2014.10.12"]
[Round "3.5"]
[White "Domotor, Jozsef"]
[Black "Vinkovics, Sandor"]
[Result "0-1"]
[WhiteElo "1964"]
[BlackElo "2010"]
[PlyCount "84"]
[EventDate "2014.09.07"]
[EventType "team-tourn"]
[EventRounds "11"]
[EventCountry "HUN"]
[SourceTitle "EXT 2016"]
[Source "ChessBase"]
[SourceDate "2015.10.08"]
[SourceVersion "1"]
[SourceVersionDate "2015.10.08"]
[SourceQuality "1"]
[WhiteTeam "Zala Volan"]
[BlackTeam "Lovo"]
[WhiteTeamCountry "HUN"]
[BlackTeamCountry "HUN"]

1. d4 f5 2. Nf3 Nf6 3. g3 g6 4. Bg2 Bg7 5. 0-0 0-0 6. c4 c5 7. Nc3 cxd4 8. Nxd4 Nc6 9. Nc2 Na5 10. Qd3 Ng4 11. b3 e6 12. Bb2 Ne5 13. Qd6 Nexc4 14. bxc4 Nxc4 15. Qb4 Nxb2 16. Qxb2 Qf6 17. Rab1 Qxc3 18. Qxc3 Bxc3 19. Bxb7 Rb8 20. Bf3 Ba6 21. Rfd1 d5 22. Ne1 Bc4 23. Rbc1 Bb2 24. Rc2 a5 25. Rdd2 Bf6 26. Nd3 Rfd8 27. h4 e5 28. Nc5 e4 29. Bg2 Rb5 30. Ne6 Rb1+ 31. Kh2 Rdb8 32. Nd4 a4 33. h5 Bxd4 34. Rxd4 R1b2 35. Rc3 Rxa2 36. g4 Rxe2 37. hxg6 Rbb2 38. gxf5 Rxf2 39. Rg3 hxg6 40. Rxg6+ Kf7 41. Rd1 a3 42. Rc1 a2 0-1

[Event "HUN-chT2 Szechenyi 1415"]
[Site "Hungary"]
[Date "2014.09.07"]
[Round "1.7"]
[White "Szinavel, Zsolt"]
[Black "Vinkovics, Sandor"]
[Result "1/2-1/2"]
[WhiteElo "2095"]
[BlackElo "2010"]
[PlyCount "120"]
[EventDate "2014.09.07"]
[EventType "team-tourn"]
[EventRounds "11"]
[EventCountry "HUN"]
[SourceTitle "EXT 2016"]
[Source "ChessBase"]
[SourceDate "2015.10.08"]
[SourceVersion "1"]
[SourceVersionDate "2015.10.08"]
[SourceQuality "1"]
[WhiteTeam "Kisber Aszar"]
[BlackTeam "Lovo"]
[WhiteTeamCountry "HUN"]
[BlackTeamCountry "HUN"]

1. b3 e5 2. Bb2 Nc6 3. e3 d6 4. Bb5 Bd7 5. Nf3 e4 6. Nd4 Qg5 7. Bf1 Nxd4 8. Bxd4 a6 9. c4 0-0-0 10. Bb2 Bg4 11. Qc2 f5 12. Nc3 Nf6 13. d3 f4 14. exf4 Qxf4 15. Be2 d5 16. cxd5 exd3 17. Qxd3 Bb4 18. 0-0 Bxc3 19. Bxc3 Rxd5 20. Qc4 Qxc4 21. Bxc4 Rdd8 22. f3 Bd7 23. Rac1 b5 24. Bxf6 gxf6 25. Bd5 Be8 26. Rfd1 c6 27. Be6+ Kc7 28. Rxd8 Kxd8 29. b4 Kc7 30. Rd1 Bg6 31. Rd7+ Kb6 32. f4 Be4 33. f5 a5 34. a3 axb4 35. axb4 Ra8 36. Rd2 Ra1+ 37. Kf2 Rb1 38. g4 Rxb4 39. Kg3 h6 40. h4 Ra4 41. g5 hxg5 42. hxg5 fxg5 43. Kg4 Ra1 44. Kxg5 Rg1+ 45. Kf4 Bb1 46. f6 Bg6 47. Rf2 Re1 48. f7 Bxf7 49. Bxf7 c5 50. Bd5 c4 51. Be4 Kc5 52. Ke5 c3 53. Rf8 Kc4 54. Rc8+ Kb3 55. Kd4 Rd1+ 56. Bd3 b4 57. Rc4 Rd2 58. Ke3 Rh2 59. Rc8 c2 60. Rc4 Rh3+ 1/2-1/2

[Event "HUN-chT2 Szechenyi 0304"]
[Site "Hungary"]
[Date "2004.02.22"]
[Round "8"]
[White "Vucko, Jozsef"]
[Black "Vinkovics, Sandor"]
[Result "1-0"]
[WhiteElo "2162"]
[BlackElo "1934"]
[PlyCount "49"]
[EventDate "2003.09.28"]
[EventType "team"]
[EventRounds "11"]
[EventCountry "HUN"]
[SourceTitle "EXT 2009"]
[Source "ChessBase"]
[SourceDate "2008.11.26"]
[SourceVersion "1"]
[SourceVersionDate "2008.11.26"]
[SourceQuality "1"]
[WhiteTeam "Lenti"]
[BlackTeam "Haladas II"]
[WhiteTeamCountry "HUN"]
[BlackTeamCountry "HUN"]

1. c4 Nf6 2. Nc3 g6 3. d4 Bg7 4. e4 d6 5. Bd3 0-0 6. Nge2 c5 7. d5 e6 8. 0-0 exd5 9. exd5 Ng4 10. Bf4 g5 11. Bg3 f5 12. h3 f4 13. hxg4 fxg3 14. Nxg3 Rf4 15. Nf5 Bxf5 16. gxf5 Nd7 17. g3 Kh8 18. gxf4 gxf4 19. Qh5 Nf6 20. Qh4 Qd7 21. Rfe1 Rg8 22. Kf1 f3 23. Re3 Ng4 24. Re7 Nh2+ 25. Ke1 1-0

[Event "HUN-chT2 Szechenyi 0304"]
[Site "Hungary"]
[Date "2004.02.08"]
[Round "7"]
[White "Torma, Laszlo"]
[Black "Vinkovics, Sandor"]
[Result "0-1"]
[WhiteElo "2010"]
[BlackElo "1934"]
[PlyCount "132"]
[EventDate "2003.09.28"]
[EventType "team"]
[EventRounds "11"]
[EventCountry "HUN"]
[SourceTitle "EXT 2009"]
[Source "ChessBase"]
[SourceDate "2008.11.26"]
[SourceVersion "1"]
[SourceVersionDate "2008.11.26"]
[SourceQuality "1"]
[WhiteTeam "Ajka Banyasz"]
[BlackTeam "Haladas II"]
[WhiteTeamCountry "HUN"]
[BlackTeamCountry "HUN"]

1. d4 Nf6 2. Nf3 g6 3. c4 Bg7 4. Nc3 d6 5. e4 0-0 6. h3 c5 7. d5 Nbd7 8. Bd3 Ne8 9. Bf4 Ne5 10. Nxe5 dxe5 11. Be3 b6 12. 0-0 f5 13. f4 Nd6 14. Qc2 Bh6 15. Qd2 fxe4 16. fxe5 Bxe3+ 17. Qxe3 exd3 18. exd6 exd6 19. Rxf8+ Qxf8 20. Rf1 Qd8 21. Qxd3 Qe7 22. Qd2 Bd7 23. Qf4 g5 24. Qf6 Re8 25. Qxe7 Rxe7 26. Rf6 Re1+ 27. Kf2 Rc1 28. Rxd6 Rc2+ 29. Kf3 Bf5 30. Rf6 Bd7 31. Rd6 Bf5 32. Rf6 Bd7 33. Rd6 Bf5 34. Rd8+ Kf7 35. Ra8 Rxb2 36. Rxa7+ Kf8 37. Rc7 Rc2 38. Na4 Rxc4 39. Nxb6 Rc3+ 40. Kf2 Rc2+ 41. Kf3 Rc3+ 42. Kf2 Rc2+ 43. Kg1 Ke8 44. d6 h5 45. d7+ Ke7 46. Rc8 Bxd7 47. Rc7 Kd6 48. Rxd7+ Kc6 49. Rh7 Kxb6 50. Rxh5 Rxa2 51. Rxg5 c4 52. Kf1 c3 53. Rg3 c2 54. Rc3 Ra1+ 55. Kf2 c1Q 56. Rxc1 Rxc1 57. Kf3 Kc6 58. Kf4 Rc5 59. g4 Kd6 60. g5 Ke6 61. Kg4 Kf7 62. Kh5 Kg7 63. h4 Rc1 64. Kg4 Rg1+ 65. Kh5 Rh1 66. Kg4 Kg6 0-1